| 000 | 00000nas 2200000za 4500 |
| 001 | 9.819516 |
| 003 | CaOODSP |
| 005 | 20221107143000 |
| 007 | cr ||||||||||| |
| 008 | 160615d19791979oncar p oss f000#b0fre|d |
| 022 | |y0706-1501 |
| 040 | |aCaOODSP|bfre |
| 041 | |aeng|afre |
| 043 | |an-cn--- |
| 086 | 1 |aCS61-215-PDF |
| 245 | 00|aDomestic and foreign control of forestry, mining, and manufacturing capital expenditures in Canada |h[ressource électronique] / |cStatistics Canada, Construction Division [and] Financial Flows and Multinational Enterprises Division = Le contrôle national et étranger des dépenses d'immobilisations forestières, minières, et manufacturières au Canada / Statistique Canada, Division de la construction [et] Division des flux financiers et entreprises multinationales. |
| 246 | 11|aContrôle national et étranger des dépenses d'immobilisations forestières, minières et manufacturières au Canada |
| 260 | |aOttawa : |bStatistics Canada = Statistique Canada, |c1979. |
| 310 | |aAnnuel |
| 362 | 0 |a1977/1979. |
| 500 | |aÉdition numérisée de l’imprimé [par Statistique Canada]. |
| 546 | |aTexte en anglais et en français. |
| 692 | 07|2gccst|aInvestissement étranger |
| 692 | 07|2gccst|aInvestissement |
| 710 | 1 |aCanada.|bStatistique Canada.|bDivision de la construction. |
| 710 | 2 |aStatistique Canada.|bSection des voyages internationaux. |
| 785 | 00|tCapital expenditures of domestic and foreign controlled establishments in manufacturing, mining and forestry |w(CaOODSP)9.819521 |
| 791 | |tDomestic and foreign control of forestry, mining, and manufacturing capital expenditures in Canada |eeng|w(CaOODSP)9.819515 |